zpět

Detail výsledku týmu

Dělnický dům, Jihlava

Datum a čas kvízu

30.5 Celkem bodů Celkový počet nahraných bodů na tomto kvízu bez doplňovacích otázek.
1. Pořadí na kvízu Konečné umístění týmu na tomto kvízu.

Zaznamenané odpovědi

# Otázka Odpověď Body Výsledky
1. Jak se jmenovala žena, jejíž s... Olga Kočková 0
2. Letadlo ruského ministra zahra... v Brazílii 1
3. Letošní vyhlášení tuzemských k... Muriel 0
4. Japonští vědci minulý týden oz... ze dřeva 0
5. 34letý trojnásobný mistr světa... Peter Sagan 1
6. Součástí televizního programu... Hodina pravdy 1
7. Která veřejně známá osobnost z... Ladislav Zibura 0
8. Napište název televizní soutěž... Kufr 0
9. V dnešní době je velmi populár... jednou 0
10. Kdo z uvedených nikdy nemodero... D 1